000 00371nam a2200169Ia 4500
003 0STCL
008 150530s9999 xx 000 0 und d
040 _aSTCL
_cSTCL
100 _aViswanath Iyer
245 _aGadyanjali
260 _bHindi Book Stall ; TVM
_c1961
300 _a0
546 _aHindi
942 _2ddc
_cBK
999 _c64898
_d64898
005 20220125171254.0